000 00583nam a2200193Ia 4500
003 GCL
008 140319s9999 xx 000 0 ara d
040 _aGCL /
_cGCL
082 0 4 _a350.001
_bب ب
100 1 _aراشد البراوى
245 1 0 _aالبيروقراطية (هدية من الاديب عبدالفتاح الجمل) /
_cراشد البراوى
700 1 _aباركنسون، فورثكوت
300 _a160 ص
490 _a
650 0 4 _aبريطانيا
650 0 4 _aالادارة العامة
650 0 4 _aالبيروقراطية
942 _2ddc
_cBK
999 _c40704
_d40704